[Event "SR 1. liga zapad 2014/2015"]
[Site "?"]
[Date "2015.02.28"]
[Round "8.2"]
[White "Capak, Stefan"]
[Black "Chlpik, Martin"]
[Result "0-1"]
[WhiteElo "2063"]
[BlackElo "2072"]
[PlyCount "50"]
[EventDate "2014.??.??"]

1. d4 Nf6 2. Nf3 c5 3. c4 g6 4. Nc3 Bg7 5. e4 cxd4 6. Nxd4 O-O 7. Be2 Nc6 8.
O-O Nxe4 9. Nxc6 Nxc3 10. Nxe7+ Qxe7 11. bxc3 Bxc3 12. Rb1 d6 13. Bf3 Rb8 14.
Rb3 Be5 15. Re1 Qh4 16. g3 Qxc4 17. Bh6 Re8 18. Qxd6 Bh3 19. Rbe3 Qc3 20. Bg2
Qxe1+ 21. Rxe1 Bxd6 22. Rxe8+ Rxe8 23. Bxh3 Re1+ 24. Kg2 Ra1 25. Bc8 b6 0-1

[Event "SR 1. liga zapad 2014/2015"]
[Site "?"]
[Date "2015.02.28"]
[Round "8.2"]
[White "Belan, Jozef"]
[Black "Magerciak, Roman"]
[Result "1-0"]
[WhiteElo "2066"]
[BlackElo "1952"]
[PlyCount "67"]
[EventDate "2014.??.??"]

1. Nf3 Nf6 2. g3 e6 3. Bg2 d5 4. c4 Nc6 5. b3 Be7 6. O-O O-O 7. d4 Ne4 8. Ne5
Nxe5 9. dxe5 b6 10. Qc2 Bb7 11. Rd1 Qc8 12. Bb2 f6 13. cxd5 exd5 14. Nc3 Nxf2
15. Nxd5 Bc5 16. Bd4 Nh3+ 17. Kh1 Kh8 18. exf6 Bxd4 19. Rxd4 Bxd5 20. fxg7+
Kxg7 21. Rxd5 Nf2+ 22. Kg1 Nh3+ 23. Bxh3 Qxh3 24. Qxc7+ Rf7 25. Qe5+ Kg8 26.
Qg5+ Kh8 27. Rad1 Raf8 28. Qc1 Rf2 29. Qc3+ R8f6 30. Rd8+ Kg7 31. R1d7+ Kh6 32.
Qe3+ Kg6 33. Rg8+ Kh5 34. Qg5# 1-0

[Event "SR 1. liga zapad 2014/2015"]
[Site "?"]
[Date "2015.02.28"]
[Round "8.3"]
[White "Gasa, Andrej"]
[Black "Jostic, Peter"]
[Result "1/2-1/2"]
[WhiteElo "2317"]
[BlackElo "2075"]
[PlyCount "136"]
[EventDate "2014.??.??"]

1. d4 f5 2. Nf3 Nf6 3. g3 e6 4. Bg2 Be7 5. O-O O-O 6. c4 d6 7. Nc3 Ne4 8. Qd3
Nxc3 9. Qxc3 Bf6 10. Qb3 Qe8 11. Bg5 a5 12. Bxf6 Rxf6 13. Rac1 a4 14. Qc3 Qh5
15. Rfe1 f4 16. e4 fxe3 17. Rxe3 Nc6 18. d5 Ne7 19. Nh4 Nf5 20. Nxf5 Qxf5 21.
f4 Bd7 22. Rce1 Re8 23. dxe6 Bc6 24. Bxc6 bxc6 25. e7 Qc5 26. Kg2 Rf7 27. Qd3
Rf6 28. Re4 Rf7 29. Qe3 Rf5 30. g4 Qxe3 31. R1xe3 Rc5 32. Kg3 Kf7 33. h4 Ra5
34. f5 d5 35. Re5 Rc5 36. b3 axb3 37. axb3 Ra5 38. g5 Ra1 39. Re6 Rg1+ 40. Kh2
Rg4 41. Kh3 Rg1 42. Rxc6 d4 43. Re2 Rxe7 44. Rxe7+ Kxe7 45. Rxc7+ Kd6 46. Rc8
Ke5 47. Rd8 Ke4 48. Kh2 Rg4 49. f6 gxf6 50. gxf6 Rf4 51. Rd6 Ke3 52. c5 h5 53.
Kg1 d3 54. c6 d2 55. Rxd2 Kxd2 56. c7 Rg4+ 57. Kf2 Rg8 58. Kf3 Kd3 59. Kf4 Kd4
60. Kf5 Kd5 61. f7 Rc8 62. Kf6 Kd6 63. b4 Kd7 64. b5 Kxc7 65. Ke7 Kb6 66. f8=Q
Rxf8 67. Kxf8 Kxb5 68. Kg7 Kc6 1/2-1/2

[Event "SR 1. liga zapad 2014/2015"]
[Site "?"]
[Date "2015.02.28"]
[Round "8.3"]
[White "Pytlik, Pavol"]
[Black "Cajka, Tibor"]
[Result "1-0"]
[WhiteElo "2027"]
[BlackElo "2166"]
[PlyCount "67"]
[EventDate "2014.??.??"]

1. e4 c6 2. d3 d5 3. Nd2 e5 4. Ngf3 Bd6 5. g3 Nf6 6. Bg2 O-O 7. O-O Bg4 8. h3
Bh5 9. Re1 Nbd7 10. c3 h6 11. Qc2 Bg6 12. Nh4 Bh7 13. Nf1 g5 14. Nf3 Nc5 15.
N3d2 a5 16. b3 Ne6 17. Bb2 Qd7 18. Rad1 Kh8 19. Qc1 Rg8 20. d4 Nf4 21. dxe5 Nd3
22. Qa1 Nxe1 23. Rxe1 Bxe5 24. exd5 Rge8 25. Rxe5 Rxe5 26. c4 Re2 27. Bxf6+ Kg8
28. Bh8 f5 29. dxc6 Qe7 30. Bd5+ Kf8 31. cxb7 Rd8 32. Bf6 Qc5 33. Bd4 Qc7 34.
Bc5+ 1-0

[Event "SR 1. liga zapad 2014/2015"]
[Site "?"]
[Date "2015.02.28"]
[Round "8.3"]
[White "Bury, Rastislav"]
[Black "Blazek, Milos"]
[Result "1/2-1/2"]
[WhiteElo "2147"]
[BlackElo "2035"]
[PlyCount "33"]
[EventDate "2014.??.??"]

1. Nf3 Nf6 2. g3 c5 3. Bg2 Nc6 4. d4 e6 5. O-O d5 6. c4 Be7 7. Nc3 O-O 8. cxd5
exd5 9. Bg5 Be6 10. dxc5 Bxc5 11. Rc1 Be7 12. Nd4 Nxd4 13. Qxd4 h6 14. Bf4 Qa5
15. Na4 Rfc8 16. Bd2 Qa6 17. Nc3 1/2-1/2

[Event "SR 1. liga zapad 2014/2015"]
[Site "?"]
[Date "2015.02.28"]
[Round "8.3"]
[White "Halak, Matej"]
[Black "Jozefek, Michal"]
[Result "1-0"]
[WhiteElo "1929"]
[BlackElo "2064"]
[PlyCount "37"]
[EventDate "2014.??.??"]

1. d4 Nf6 2. Bg5 Ne4 3. Bf4 d5 4. Nd2 g6 5. Ngf3 Bg7 6. e3 b6 7. Bb5+ c6 8. Bd3
Nd6 9. c4 Ba6 10. Qe2 O-O 11. Ne5 Re8 12. h4 f6 13. Nxg6 hxg6 14. Bxg6 Nd7 15.
Qh5 Nf8 16. c5 bxc5 17. dxc5 Nxg6 18. Qxg6 Ne4 19. Bh6 1-0

[Event "SR 1. liga zapad 2014/2015"]
[Site "?"]
[Date "2015.02.28"]
[Round "8.3"]
[White "Karas, Marek"]
[Black "Masarik, Drahoslav"]
[Result "1-0"]
[WhiteElo "2170"]
[BlackElo "2022"]
[PlyCount "103"]
[EventDate "2014.??.??"]

1. d4 Nf6 2. c4 e6 3. Nf3 b6 4. g3 Bb7 5. Bg2 Be7 6. O-O O-O 7. d5 d6 8. Nc3 e5
9. e4 Nbd7 10. Ne1 Ne8 11. Nd3 f5 12. exf5 Rxf5 13. Bh3 Rf8 14. Ne4 Nc5 15.
Ndxc5 bxc5 16. Be6+ Kh8 17. a3 Bc8 18. Bxc8 Qxc8 19. b4 Qa6 20. b5 Qc8 21. Bd2
Qh3 22. Qe2 h6 23. Ba5 Rc8 24. Ra2 Nf6 25. f3 Nh7 26. Qg2 Qh5 27. h4 Qg6 28.
Kh2 Nf6 29. Re2 Nh5 30. Qh3 Kh7 31. Qd7 Qe8 32. Qc6 Qd8 33. Be1 g5 34. hxg5
Bxg5 35. Qa6 Ra8 36. Qa4 Qe7 37. Qc2 Kg7 38. Bc3 Kg8 39. Qd3 Rf7 40. Rg1 Raf8
41. f4 Bf6 42. Qf3 Ng7 43. Qg4 Kh8 44. Nxf6 Rxf6 45. fxe5 Rf2+ 46. Rg2 Rxg2+
47. Kxg2 Qf7 48. Qf4 dxe5 49. Qxf7 Rxf7 50. Bxe5 Kh7 51. Bxg7 Kxg7 52. Re6 1-0

[Event "SR 1. liga zapad 2014/2015"]
[Site "?"]
[Date "2015.02.28"]
[Round "8.3"]
[White "Mrazik, Vladislav"]
[Black "Spacek, Oliver"]
[Result "1-0"]
[WhiteElo "1826"]
[BlackElo "2011"]
[PlyCount "53"]
[EventDate "2014.??.??"]

1. d4 Nf6 2. c4 c5 3. e3 g6 4. Nc3 Bg7 5. Nf3 O-O 6. Be2 d5 7. O-O cxd4 8. exd4
a6 9. h3 dxc4 10. Bxc4 b5 11. Bb3 Bb7 12. Be3 Nc6 13. a3 Rc8 14. Qe2 Na5 15.
Ba2 Nd5 16. Rac1 Nxc3 17. bxc3 Qd6 18. a4 bxa4 19. c4 Bxf3 20. Qxf3 Bxd4 21.
Rfd1 e5 22. c5 Rxc5 23. Rxc5 Qxc5 24. Bh6 Nb3 25. Bxb3 e4 26. Bxf8 Qxf8 27.
Qxf7+ 1-0

[Event "SR 1. liga zapad 2014/2015"]
[Site "?"]
[Date "2015.02.28"]
[Round "8.3"]
[White "Gasa, Patrik"]
[Black "Sopko, Rudolf"]
[Result "1-0"]
[WhiteElo "2074"]
[BlackElo "1839"]
[PlyCount "123"]
[EventDate "2014.??.??"]

1. d4 Nf6 2. c4 d5 3. cxd5 Nxd5 4. e4 Nb6 5. Nc3 g6 6. Nf3 Bg4 7. Be3 Bg7 8.
Be2 O-O 9. h3 Bxf3 10. gxf3 e5 11. d5 N8d7 12. Qd2 Qe7 13. h4 Nf6 14. Bg5 h5
15. f4 exf4 16. Qxf4 Nbd7 17. f3 Qb4 18. Qd2 Ne5 19. f4 Nxe4 20. Qc2 Nxg5 21.
fxe5 Nh7 22. O-O-O Qf4+ 23. Kb1 Qxe5 24. Rhg1 a6 25. Bd3 Rae8 26. Qb3 Kh8 27.
Rgf1 f5 28. Rfe1 Qg3 29. Rxe8 Rxe8 30. Qxb7 Qf3 31. Bc2 Bxc3 32. bxc3 Qxc3 33.
Qxa6 Rb8+ 34. Bb3 Rb6 35. Qe2 Nf6 36. Rc1 Qg3 37. Qe1 Qd3+ 38. Kb2 Qd4+ 39. Kb1
Qe4+ 40. Qxe4 fxe4 41. Rxc7 Nxd5 42. Rd7 Nf6 43. Re7 Rb4 44. Kc2 Rd4 45. a4 e3
46. Rxe3 Rxh4 47. Re7 Rd4 48. a5 Rd6 49. Bc4 Nd7 50. a6 Nf6 51. Bd3 Rd8 52.
Bxg6 Nd5 53. Rh7+ Kg8 54. Rb7 Rc8+ 55. Kd2 Nc7 56. a7 Na6 57. Rb6 Nc7 58. Rb7
Na6 59. Bf7+ Kf8 60. Bc4 Rd8+ 61. Ke2 Re8+ 62. Kf2 1-0

[Event "SR 1. liga zapad 2014/2015"]
[Site "?"]
[Date "2015.02.28"]
[Round "8.3"]
[White "Balaj, Rudolf"]
[Black "Jablonicky, Martin"]
[Result "0-1"]
[WhiteElo "1000"]
[BlackElo "1949"]
[PlyCount "66"]
[EventDate "2014.??.??"]

1. d4 d5 2. c4 e5 3. dxe5 d4 4. Nf3 Nc6 5. e3 Bb4+ 6. Bd2 dxe3 7. fxe3 Bg4 8.
Be2 Bxf3 9. Bxf3 Qh4+ 10. g3 Qxc4 11. Bxc6+ Qxc6 12. Rf1 Bxd2+ 13. Nxd2 Ne7 14.
Qf3 O-O 15. Qxc6 Nxc6 16. Nf3 Rfe8 17. Ke2 Nxe5 18. Nxe5 Rxe5 19. Rad1 Rae8 20.
Rf3 f6 21. Rd7 R8e7 22. Rxe7 Rxe7 23. Rf1 Rd7 24. Rc1 Kf7 25. Rc3 Ke6 26. Kf3
b6 27. b4 Kd6 28. Ke4 Re7+ 29. Kd4 f5 30. Rd3 c5+ 31. bxc5+ bxc5+ 32. Kc4+ Kc6
33. Rd5 Re4+ 0-1

[Event "SR 1. liga zapad 2014/2015"]
[Site "?"]
[Date "2015.02.28"]
[Round "8.4"]
[White "Lanc, Alois"]
[Black "Gazik, Viktor"]
[Result "0-1"]
[WhiteElo "2344"]
[BlackElo "2291"]
[PlyCount "134"]
[EventDate "2014.??.??"]

1. e4 c5 2. Nc3 g6 3. f4 Bg7 4. Nf3 e6 5. e5 d5 6. d4 cxd4 7. Nb5 Bf8 8. Bd3
Nc6 9. O-O Qb6 10. Kh1 Bd7 11. Qe1 Nb4 12. Nbxd4 Nxd3 13. cxd3 Rc8 14. Be3 Qxb2
15. Qh4 Be7 16. Qg3 h5 17. Rab1 Qxa2 18. Rxb7 Qa6 19. Rfb1 Qxd3 20. R7b3 Qa6
21. Qe1 Nh6 22. Ra1 Qc4 23. Rb7 Ng4 24. Bg1 a6 25. h3 Nh6 26. Nd2 Qd3 27. Rb3
Rc3 28. Rb8+ Rc8 29. Rb7 Nf5 30. Nxf5 gxf5 31. Nf3 Bc6 32. Rxe7+ Kxe7 33. Qb4+
Ke8 34. Qd6 d4 35. Rc1 Qe4 36. Bxd4 Qd5 37. Qxd5 exd5 38. e6 Rh6 39. exf7+ Kxf7
40. Ne5+ Ke8 41. Rc3 h4 42. Re3 Kf8 43. Nf3 Ba4 44. Re5 Bc2 45. Ng5 Be4 46.
Nxe4 fxe4 47. Rxd5 Rc1+ 48. Kh2 Re6 49. f5 Re8 50. Be3 Re1 51. Bh6+ Kf7 52. Bg5
e3 53. Rd7+ Kg8 54. f6 Rf1 55. Rg7+ Kf8 56. Bh6 Rxf6 57. Rg6+ Ke7 58. Bg5 e2
59. Rxf6 e1=Q 60. Rf1+ Kd7 61. Rxe1 Rxe1 62. Bxh4 Re4 63. Bf6 Ke6 64. Ba1 a5
65. g4 a4 66. Kg3 a3 67. h4 a2 0-1

[Event "SR 1. liga zapad 2014/2015"]
[Site "?"]
[Date "2015.02.28"]
[Round "8.4"]
[White "Gazik, Igor"]
[Black "Vass, Frantisek"]
[Result "0-1"]
[WhiteElo "2321"]
[BlackElo "2280"]
[PlyCount "74"]
[EventDate "2014.??.??"]

1. d4 d5 2. Nf3 Nf6 3. e3 e6 4. Bd3 Nbd7 5. Nbd2 c5 6. c3 Be7 7. O-O O-O 8. Ne5
Qc7 9. f4 b6 10. Rf3 Rd8 11. Rh3 Nf8 12. g4 N6d7 13. g5 Nxe5 14. Bxh7+ Nxh7 15.
Qh5 Kf8 16. Qxh7 Ke8 17. dxe5 Bf8 18. Nf3 Kd7 19. Bd2 Kc6 20. b4 Ba6 21. Qc2
Kb7 22. bxc5 Bxc5 23. Rh7 g6 24. Qa4 Rh8 25. Rxh8 Rxh8 26. Rc1 Bd3 27. Nd4 a6
28. Be1 Rc8 29. Qd1 Ba3 30. Ra1 Bb2 31. Rc1 Qc4 32. Nb3 Bf5 33. Rc2 Bxc2 34.
Qxc2 Bxc3 35. Bf2 a5 36. a3 a4 37. Nd2 Qe2 0-1

[Event "SR 1. liga zapad 2014/2015"]
[Site "?"]
[Date "2015.02.28"]
[Round "8.4"]
[White "Banas, Jan"]
[Black "Dobrotka, Martin"]
[Result "1/2-1/2"]
[WhiteElo "2273"]
[BlackElo "2189"]
[PlyCount "66"]
[EventDate "2014.??.??"]

1. c4 Nf6 2. Nc3 g6 3. e4 d6 4. d4 Bg7 5. Be2 e5 6. Nf3 O-O 7. d5 a5 8. Bg5 h6
9. Bh4 Na6 10. Nd2 Nc5 11. O-O Bd7 12. b3 Qe7 13. a3 g5 14. Bg3 Nfxe4 15. Ndxe4
Nxe4 16. Nxe4 f5 17. f3 fxe4 18. fxe4 Rxf1+ 19. Kxf1 Be8 20. Bh5 Bxh5 21. Qxh5
Qf7+ 22. Qxf7+ Kxf7 23. Ke2 Ke7 24. Rf1 Rf8 25. Rxf8 Kxf8 26. Be1 b6 27. Kf3 h5
28. h3 Bf6 29. a4 Ke7 30. b4 axb4 31. Bxb4 Kd7 32. a5 bxa5 33. Bxa5 c5 1/2-1/2

[Event "SR 1. liga zapad 2014/2015"]
[Site "?"]
[Date "2015.02.28"]
[Round "8.4"]
[White "Lakatos, Vladimir"]
[Black "Szitkey, Milan"]
[Result "1-0"]
[WhiteElo "2121"]
[BlackElo "2151"]
[PlyCount "107"]
[EventDate "2014.??.??"]

1. c4 Nf6 2. Nc3 d5 3. d4 g6 4. Nf3 Bg7 5. e3 O-O 6. cxd5 Nxd5 7. Bc4 Nxc3 8.
bxc3 b6 9. O-O Bb7 10. Ba3 Nd7 11. Ng5 Nf6 12. e4 h6 13. Nxf7 Rxf7 14. Qb3 Qe8
15. f3 a5 16. Bxf7+ Qxf7 17. Bxe7 a4 18. Qxf7+ Kxf7 19. Ba3 Ba6 20. Rfd1 Bc4
21. Kf2 Rd8 22. g3 g5 23. g4 Ng8 24. Ke3 Ne7 25. Bxe7 Kxe7 26. a3 b5 27. Rd2 c6
28. Rh1 Rf8 29. Rf2 c5 30. h4 cxd4+ 31. cxd4 Ke6 32. hxg5 hxg5 33. Rh7 Kf6 34.
Rh5 Kg6 35. e5 Rf4 36. Rfh2 Bf8 37. Rxg5+ Kxg5 38. Rh5+ Kg6 39. Kxf4 Bxa3 40.
Ke4 Bc1 41. d5 a3 42. Rh1 Bb2 43. f4 b4 44. f5+ Kf7 45. g5 a2 46. g6+ Kg8 47.
d6 Bb5 48. f6 a1=Q 49. f7+ Kg7 50. Rxa1 Bxa1 51. e6 Bc4 52. Kf5 Bf6 53. f8=Q+
Kxf8 54. Kxf6 1-0

[Event "SR 1. liga zapad 2014/2015"]
[Site "?"]
[Date "2015.02.28"]
[Round "8.4"]
[White "Kavon, Rastislav"]
[Black "Gazikova, Veronika"]
[Result "1-0"]
[WhiteElo "2153"]
[BlackElo "2148"]
[PlyCount "111"]
[EventDate "2014.??.??"]

1. e4 e6 2. d4 d5 3. Nc3 Bb4 4. e5 c5 5. a3 Bxc3+ 6. bxc3 Ne7 7. Qg4 Qc7 8.
Qxg7 Rg8 9. Qxh7 cxd4 10. Ne2 Nbc6 11. f4 dxc3 12. Qd3 d4 13. Nxd4 Nxd4 14.
Qxd4 Bd7 15. Rg1 Nf5 16. Qf2 Qa5 17. g4 Ne7 18. Rb1 Bc6 19. Bd3 O-O-O 20. Rg3
Kb8 21. h4 Qd5 22. Be3 a6 23. Bc5 Ng6 24. Bd6+ Rxd6 25. exd6 Nxh4 26. Rd1 Rd8
27. Be2 Qe4 28. Qb6 Rd7 29. Qd4 Ng2+ 30. Kf2 Qxc2 31. Qxc3 Qxc3 32. Rxc3 Nxf4
33. Bxa6 Nd5 34. Rcc1 Rxd6 35. Be2 Rd8 36. Bf3 Rg8 37. Rg1 Nf4 38. Ke3 Nd5+ 39.
Bxd5 Bxd5 40. g5 Rh8 41. Rg3 Bc6 42. Rf1 Rh7 43. Kd4 Kc7 44. Ke5 Kd7 45. Kf6
Ke8 46. Rf4 Kf8 47. Rd4 Ke8 48. Rgg4 Rh3 49. Rh4 Rf3+ 50. Rdf4 Rxa3 51. Rh8+
Kd7 52. Kxf7 e5 53. Rf1 e4 54. g6 Rg3 55. Rd1+ Kc7 56. g7 1-0

[Event "SR 1. liga zapad 2014/2015"]
[Site "?"]
[Date "2015.02.28"]
[Round "8.4"]
[White "Detko, Jan"]
[Black "Drtina, Milan"]
[Result "1/2-1/2"]
[WhiteElo "2165"]
[BlackElo "2175"]
[PlyCount "80"]
[EventDate "2014.??.??"]

1. e4 e5 2. Nc3 Nf6 3. f4 d5 4. fxe5 Nxe4 5. Qf3 Nxc3 6. bxc3 Be6 7. d4 c5 8.
Ne2 Nc6 9. g3 Qa5 10. Bd2 O-O-O 11. Nf4 Qa3 12. Nxe6 fxe6 13. Qf7 cxd4 14. Rb1
Qe7 15. Qxe7 Bxe7 16. Bh3 dxc3 17. Bxc3 d4 18. Bxe6+ Kc7 19. Bd2 Rhf8 20. Rf1
Nxe5 21. Bf4 Bd6 22. Bxe5 Bxe5 23. Rxf8 Rxf8 24. Bd5 b6 25. Ke2 Kd6 26. Be4 h6
27. Rf1 Bf6 28. Bg6 Rc8 29. Rf3 Rc5 30. Ra3 a5 31. Rb3 b5 32. Rf3 Re5+ 33. Kd1
Kc5 34. Rf5 Kb4 35. Rxe5 Bxe5 36. Kd2 Ka3 37. Bf7 Kb2 38. Be6 h5 39. Bf7 h4 40.
gxh4 Bxh2 1/2-1/2

[Event "SR 1. liga zapad 2014/2015"]
[Site "?"]
[Date "2015.02.28"]
[Round "8.4"]
[White "Liptak, Tomas"]
[Black "Reisel, Frantisek"]
[Result "1-0"]
[WhiteElo "2168"]
[BlackElo "1992"]
[PlyCount "51"]
[EventDate "2014.??.??"]

1. e4 c6 2. d4 d5 3. e5 Bf5 4. Nf3 e6 5. Be2 h6 6. O-O c5 7. c3 Nd7 8. Na3 a6
9. c4 Ne7 10. dxc5 Nxc5 11. Be3 Nc6 12. Rc1 d4 13. Nxd4 Nxe5 14. Nxf5 exf5 15.
Qc2 Qf6 16. b4 Ne6 17. Qa4+ Nd7 18. Rcd1 O-O-O 19. c5 Nc7 20. Nc4 Nb5 21. Nd6+
Nxd6 22. cxd6 Bxd6 23. b5 Nc5 24. Rc1 Qe5 25. g3 Kb8 26. Rxc5 1-0

[Event "SR 1. liga zapad 2014/2015"]
[Site "?"]
[Date "2015.02.28"]
[Round "8.4"]
[White "Sobota, Michal"]
[Black "Bango, Lukas"]
[Result "0-1"]
[WhiteElo "1403"]
[BlackElo "1917"]
[PlyCount "70"]
[EventDate "2014.??.??"]

1. c4 Nf6 2. Nc3 e5 3. Nf3 Nc6 4. g3 Bb4 5. Bg2 O-O 6. O-O Re8 7. d3 Bxc3 8.
bxc3 d6 9. e4 h6 10. Qc2 Be6 11. Nd2 Qd7 12. Bb2 h5 13. d4 Bh3 14. Rfe1 Ne7 15.
Rad1 Ng6 16. Qd3 Bxg2 17. Kxg2 Qg4 18. Kh1 Kh7 19. Qf3 exd4 20. cxd4 Rxe4 21.
Qxg4 Rxe1+ 22. Rxe1 Nxg4 23. Ne4 f6 24. f3 Nh6 25. f4 Nf5 26. d5 Rb8 27. Nc3 c6
28. dxc6 bxc6 29. Ba3 Rd8 30. Rd1 h4 31. Ne4 d5 32. gxh4 Ne3 33. Rd4 Nc2 34.
Rd3 Nxa3 35. Rxa3 dxe4 0-1

[Event "SR 1. liga zapad 2014/2015"]
[Site "?"]
[Date "2015.02.28"]
[Round "8.5"]
[White "Borosova, Zuzana"]
[Black "Schwarz, Dusan"]
[Result "1/2-1/2"]
[WhiteElo "2263"]
[BlackElo "2339"]
[PlyCount "84"]
[EventDate "2014.??.??"]

1. e4 c5 2. Nf3 e6 3. d4 cxd4 4. Nxd4 Nc6 5. g3 d6 6. Bg2 Bd7 7. Ne2 Be7 8. O-O
Nf6 9. c4 a6 10. Nbc3 Rc8 11. b3 Ne5 12. a4 Qc7 13. Ba3 O-O 14. h3 Rfd8 15. Qd4
Nc6 16. Qe3 Na5 17. Rab1 Rb8 18. Rfc1 Rdc8 19. Kh2 Ne8 20. f4 Qd8 21. Rd1 b5
22. axb5 axb5 23. Nxb5 Bxb5 24. cxb5 Rxb5 25. f5 e5 26. Nc3 Rxb3 27. Rxb3 Nxb3
28. Nd5 Nd4 29. Bb2 Bg5 30. Qd3 Nf6 31. Bxd4 Nxd5 32. exd5 exd4 33. Qxd4 Bf6
34. Qe4 Be5 35. Rd3 Rc1 36. Rb3 h6 37. h4 Qc7 38. Kh3 Rc3 39. Rxc3 Qxc3 40. Qf3
Qe1 41. h5 Qd2 42. Qg4 Qd4 1/2-1/2

[Event "SR 1. liga zapad 2014/2015"]
[Site "?"]
[Date "2015.02.28"]
[Round "8.5"]
[White "Kuchynka, Lukas"]
[Black "Kukel, Imre"]
[Result "0-1"]
[WhiteElo "2290"]
[BlackElo "2279"]
[PlyCount "60"]
[EventDate "2014.??.??"]

1. d4 Nf6 2. c4 g6 3. Nf3 Bg7 4. g3 c6 5. Bg2 O-O 6. O-O d5 7. b3 a5 8. Nc3 Ne4
9. Bb2 Nxc3 10. Bxc3 a4 11. e3 Nd7 12. Qe2 Re8 13. Rfc1 Qb6 14. b4 Qa6 15. b5
Qa7 16. Rab1 Nb6 17. cxd5 cxd5 18. Nd2 Bf5 19. Ra1 Rad8 20. g4 Bd7 21. f4 e6
22. Bb4 Nc4 23. Rab1 Bxb5 24. Bc5 Qa6 25. Bf1 b6 26. Rxb5 Qxb5 27. Rb1 Qc6 28.
Nxc4 bxc5 29. Na5 Qc7 30. Nb7 Rb8 0-1

[Event "SR 1. liga zapad 2014/2015"]
[Site "?"]
[Date "2015.02.28"]
[Round "8.5"]
[White "Szegi, Tamas"]
[Black "Federic, Jozef"]
[Result "1/2-1/2"]
[WhiteElo "2186"]
[BlackElo "2305"]
[PlyCount "122"]
[EventDate "2014.??.??"]

1. e4 c5 2. Nf3 e6 3. c3 Nf6 4. e5 Nd5 5. g3 b6 6. Bg2 Ba6 7. d3 Nc6 8. O-O Be7
9. Na3 O-O 10. c4 Nc7 11. Qa4 Rb8 12. Nb5 Bb7 13. Bd2 a6 14. Nc3 Ba8 15. Ne4 b5
16. cxb5 axb5 17. Qc2 Nd5 18. a3 Qb6 19. b3 f6 20. exf6 Nxf6 21. Bf4 Rbc8 22.
Rfe1 Nxe4 23. dxe4 Nd4 24. Nxd4 cxd4 25. Qd2 Rc3 26. b4 d6 27. Qa2 Rc4 28. a4
Kf7 29. axb5 Rxb4 30. Bh3 d5 31. Qe2 Kg8 32. Ra6 Qxb5 33. Bxe6+ Kh8 34. Qxb5
Rxb5 35. exd5 Bb7 36. Ra4 Bf6 37. Bd7 Rxd5 38. Bh3 Rdd8 39. Ra7 Bf3 40. Bg2 Bg4
41. h3 Bc8 42. Rd1 Be6 43. Bc7 Rc8 44. Re1 Bb3 45. Bd6 Rfe8 46. Rxe8+ Rxe8 47.
Bb4 h6 48. Rd7 Ba4 49. Ra7 Bc2 50. Ra8 Rxa8 51. Bxa8 Kh7 52. Kf1 Kg6 53. Ke1
Kf5 54. Bc6 Ke5 55. Kd2 Bb1 56. Ke2 Ke6 57. Bb5 Be4 58. Bc4+ Kd7 59. Bb5+ Kc7
60. Bc5 Bf5 61. h4 Be4 1/2-1/2

[Event "SR 1. liga zapad 2014/2015"]
[Site "?"]
[Date "2015.02.28"]
[Round "8.5"]
[White "Kleman, Miroslav"]
[Black "Pallag, Gergely"]
[Result "1-0"]
[WhiteElo "2231"]
[BlackElo "2101"]
[PlyCount "61"]
[EventDate "2014.??.??"]

1. e4 e6 2. d4 d5 3. e5 c5 4. c3 Nc6 5. Nf3 Bd7 6. Bd3 Qb6 7. O-O cxd4 8. cxd4
Nxd4 9. Nxd4 Qxd4 10. Nc3 Bb4 11. Nb5 Qxe5 12. Qg4 Ba5 13. Bf4 h5 14. Qh4 Qxb2
15. Rab1 Qf6 16. Bg5 Qe5 17. Bf4 Qf6 18. Nd6+ Kf8 19. Bg5 Qe5 20. Nxb7 Bc7 21.
Rfe1 Qc3 22. Rbc1 Qxd3 23. Qb4+ Ke8 24. Rxc7 Nf6 25. Nd6+ Kf8 26. Bxf6 gxf6 27.
Rxd7 Kg8 28. Rxf7 Rd8 29. Rxf6 e5 30. Qh4 Qd2 31. Qg3+ 1-0

[Event "SR 1. liga zapad 2014/2015"]
[Site "?"]
[Date "2015.02.28"]
[Round "8.5"]
[White "Berek, Geza"]
[Black "Machata, Martin"]
[Result "1-0"]
[WhiteElo "2143"]
[BlackElo "2224"]
[PlyCount "63"]
[EventDate "2014.??.??"]

1. e4 c5 2. Nf3 g6 3. d4 Bg7 4. Nc3 Qa5 5. Be3 Nf6 6. Nd2 cxd4 7. Nb3 Qc7 8.
Nxd4 Nc6 9. f3 O-O 10. Qd2 Rd8 11. O-O-O d5 12. exd5 Nxd5 13. Nxd5 Rxd5 14. Nb5
Rxd2 15. Nxc7 Rxd1+ 16. Kxd1 Rb8 17. Kc1 Be5 18. Nd5 b5 19. Bc5 Kf8 20. f4 Bg7
21. Be2 Be6 22. Bf3 Rc8 23. Rd1 Ke8 24. b4 h5 25. g3 Bg4 26. Bxg4 hxg4 27. Rd3
e6 28. Ne3 a5 29. a3 axb4 30. axb4 Bf8 31. Bxf8 Kxf8 32. Rc3 1-0

[Event "SR 1. liga zapad 2014/2015"]
[Site "?"]
[Date "2015.02.28"]
[Round "8.5"]
[White "Banas, Kamil"]
[Black "Molnar, Erno"]
[Result "1/2-1/2"]
[WhiteElo "2213"]
[BlackElo "2027"]
[PlyCount "71"]
[EventDate "2014.??.??"]

1. e4 c5 2. c3 d5 3. exd5 Qxd5 4. d4 Nf6 5. Nf3 Bg4 6. dxc5 Qxd1+ 7. Kxd1 e5 8.
b4 e4 9. h3 Bh5 10. g4 Nxg4 11. hxg4 Bxg4 12. Nbd2 exf3 13. Bd3 Nc6 14. Re1+
Be7 15. Nc4 O-O-O 16. Kc2 g5 17. b5 Bxc5 18. bxc6 Rxd3 19. cxb7+ Kxb7 20. Na5+
Kb6 21. Kxd3 Bf5+ 22. Kc4 Bxf2 23. Be3+ Bxe3 24. Rxe3 g4 25. Kb4 Be6 26. Nc4+
Bxc4 27. Kxc4 h5 28. Re7 h4 29. Rb1+ Kc6 30. Rxf7 h3 31. Rbb7 h2 32. Rxa7 Kb6
33. Rab7+ Kc6 34. Rbc7+ Kb6 35. Rb7+ Kc6 36. Rbc7+ 1/2-1/2

[Event "SR 1. liga zapad 2014/2015"]
[Site "?"]
[Date "2015.02.28"]
[Round "8.5"]
[White "Jakab, Bela"]
[Black "Dugovic, Branislav"]
[Result "1/2-1/2"]
[WhiteElo "1897"]
[BlackElo "2207"]
[PlyCount "106"]
[EventDate "2014.??.??"]

1. e4 d5 2. exd5 Nf6 3. Bb5+ Bd7 4. Bc4 Bg4 5. f3 Bc8 6. Nc3 Nbd7 7. Bb3 Nb6 8.
d4 Nbxd5 9. Nxd5 Nxd5 10. c4 Nf6 11. Ne2 e6 12. O-O Be7 13. Be3 O-O 14. Qc2 c5
15. Rfd1 Qc7 16. d5 Bd6 17. h3 exd5 18. cxd5 b5 19. Rac1 Re8 20. Qd2 c4 21. Bc2
Qe7 22. Bf4 Bc5+ 23. Nd4 Nxd5 24. Kh1 Bb4 25. Nc6 Bxd2 26. Nxe7+ Rxe7 27. Rxd2
Be6 28. Be4 Rd8 29. Rcd1 Red7 30. Bxd5 Bxd5 31. Kg1 f6 32. Kf2 Kf7 33. h4 g6
34. g4 a6 35. a3 Ke8 36. Re1+ Kf7 37. Red1 Ke8 38. Re1+ Kf7 39. Red1 Kg8 40.
Be3 Bc6 41. Rxd7 Rxd7 42. Rxd7 Bxd7 43. Bb6 Kf7 44. Ke3 Ke6 45. Bd8 f5 46. Kf4
Kd5 47. Bb6 fxg4 48. fxg4 c3 49. bxc3 Kc4 50. Ba5 Kb3 51. Bb4 Ka4 52. Bd6 Kb3
53. Bb4 Kc4 1/2-1/2

[Event "SR 1. liga zapad 2014/2015"]
[Site "?"]
[Date "2015.02.28"]
[Round "8.5"]
[White "Mydlarik, Martin"]
[Black "Joba, Arpad"]
[Result "1-0"]
[WhiteElo "2138"]
[BlackElo "1887"]
[PlyCount "75"]
[EventDate "2014.??.??"]

1. c4 e5 2. Nc3 Nc6 3. g3 g6 4. Bg2 Bg7 5. e3 d6 6. Nge2 f5 7. d4 e4 8. a3 a5
9. O-O Nf6 10. f3 Qe7 11. Nf4 exf3 12. Bxf3 Nb8 13. Ncd5 Qd8 14. Nxf6+ Bxf6 15.
Qb3 c6 16. Bd2 a4 17. Qd3 O-O 18. Rae1 Re8 19. e4 Bg7 20. Re3 c5 21. Bc3 Nc6
22. dxc5 dxc5 23. Qxd8 Nxd8 24. e5 Ra7 25. Nd5 Nc6 26. Nc7 Re7 27. Bd5+ Kh8 28.
Nb5 Ra6 29. Rd1 h6 30. Nd6 Na7 31. Nxc8 Nxc8 32. Bxb7 Rxb7 33. Rd8+ Kh7 34.
Rxc8 Raa7 35. Rxc5 Rc7 36. Rxc7 Rxc7 37. e6 Bf8 38. Bb4 1-0

[Event "SR 1. liga zapad 2014/2015"]
[Site "?"]
[Date "2015.02.28"]
[Round "8.6"]
[White "Sipos, Istvan"]
[Black "Sosovicka, Juraj"]
[Result "1/2-1/2"]
[WhiteElo "2491"]
[BlackElo "2215"]
[PlyCount "57"]
[EventDate "2014.??.??"]

1. c4 e5 2. Nc3 Nf6 3. Nf3 Nc6 4. g3 d5 5. cxd5 Nxd5 6. Bg2 Nb6 7. O-O Be7 8.
Rb1 O-O 9. b4 f6 10. b5 Nd4 11. Ne1 c6 12. a4 Bf5 13. d3 Qd7 14. e3 Ne6 15.
bxc6 bxc6 16. e4 Bg6 17. a5 Nc8 18. Be3 Bf7 19. a6 Bc5 20. Rb7 Qd6 21. Na4 Nb6
22. Bh3 Nxa4 23. Bxe6 Bxe6 24. Qxa4 Bxe3 25. fxe3 Bc8 26. Qc4+ Be6 27. Qa4 Bc8
28. Qc4+ Be6 29. Qa4 1/2-1/2